[Event "St Petersburg Blitz GP"]
[Site "St Petersburg"]
[Date "2024.08.23"]
[Round "2"]
[White "Bashkov, Andrei"]
[Black "Drygalov, Sergey"]
[Result "0-1"]
[WhiteElo "1740"]
[BlackElo "2542"]
[PlyCount "138"]
[EventDate "2024.08.23"]
[EventType "swiss (blitz)"]
[EventRounds "11"]
[EventCountry "RUS"]
[SourceTitle "EXT 2025"]
[Source "ChessBase"]
[SourceDate "2024.10.14"]
[SourceVersion "1"]
[SourceVersionDate "2024.10.14"]
[SourceQuality "1"]

1. d4 Nf6 2. c4 e6 3. Nf3 d5 4. Nc3 c6 5. cxd5 exd5 6. Bg5 Be7 7. Qc2 g6 8. e3 Bf5 9. Bd3 Bxd3 10. Qxd3 Nbd7 11. 0-0 0-0 12. Rab1 a5 13. Rfc1 Re8 14. Qc2 Kg7 15. a3 h6 16. Bh4 Nb6 17. Ne5 Nfd7 18. Bxe7 Qxe7 19. Nxd7 Qxd7 20. Na4 Nc4 21. Ra1 Qe7 22. b3 Nxa3 23. Qc5 Nb5 24. Nb6 Qxc5 25. Rxc5 Rad8 26. Rxa5 Nxd4 27. Ra7 Re7 28. h4 Nxb3 29. Rxc6 bxc6 30. Rxe7 c5 31. e4 d4 32. Kf1 d3 33. Ke1 Na5 34. Rc7 Nb3 35. Rb7 Rd4 36. f3 Na5 37. Rc7 c4 38. Kd2 Nb3+ 39. Kd1 Na5 40. Kd2 Nb3+ 41. Kd1 Na5 42. Kd2 h5 43. Nd5 Nb3+ 44. Kd1 Na5 45. Kd2 Nb3+ 46. Kd1 Na5 47. Kd2 Nb3+ 48. Kd1 d2 49. Ne3 Rd3 50. Nc2 c3 51. Nb4 Rd8 52. Rxc3 Na5 53. Rd3 Rb8 54. Nd5 Nc4 55. Nc3 Nb2+ 56. Kxd2 Nxd3 57. Kxd3 Rb2 58. Ne2 Kf6 59. Ke3 Ke5 60. f4+ Kf6 61. g3 Ra2 62. Nd4 Ra3+ 63. Kf2 Ke7 64. Nf3 Ra2+ 65. Ke3 Rg2 66. Nd4 Rxg3+ 67. Kf2 Rd3 68. Ne2 Ke6 69. Nc1 Rh3 0-1

[Event "St Petersburg Korchnoi Memorial op"]
[Site "St Petersburg"]
[Date "2024.08.20"]
[Round "6"]
[White "Bashkov, Andrei"]
[Black "Strizhnev, Ivan"]
[Result "1/2-1/2"]
[WhiteElo "1740"]
[BlackElo "1954"]
[PlyCount "80"]
[EventDate "2024.08.17"]
[EventType "swiss"]
[EventRounds "9"]
[EventCountry "RUS"]
[SourceTitle "EXT 2025"]
[Source "ChessBase"]
[SourceDate "2024.10.14"]
[SourceVersion "1"]
[SourceVersionDate "2024.10.14"]
[SourceQuality "1"]

1. d4 Nf6 2. c4 c5 3. d5 e6 4. Nc3 exd5 5. cxd5 d6 6. Nf3 g6 7. g3 Bg7 8. Bg2 0-0 9. 0-0 Na6 10. h3 Rb8 11. a4 Nb4 12. e4 a6 13. Re1 b5 14. axb5 axb5 15. e5 dxe5 16. Nxe5 Bb7 17. Be3 Rc8 18. Nc6 Bxc6 19. dxc6 Qb6 20. Qd6 Nc2 21. Bxc5 Qd8 22. Nxb5 Nxe1 23. Qxd8 Rfxd8 24. Rxe1 Nd5 25. Na7 Ra8 26. c7 Nxc7 27. Bb6 Rxa7 28. Bxa7 Bxb2 29. Bb6 Rd7 30. Bc6 Rd6 31. Bxc7 Rxc6 32. Re8+ Kg7 33. Be5+ Bxe5 34. Rxe5 Ra6 35. Kg2 Ra7 36. Re3 Ra6 37. h4 h5 38. Rd3 Ra7 39. Rf3 Ra6 40. Re3 Ra7 1/2-1/2

[Event "St Petersburg Korchnoi Memorial op"]
[Site "St Petersburg"]
[Date "2024.08.19"]
[Round "5"]
[White "Yashchuk, Mikhail"]
[Black "Bashkov, Andrei"]
[Result "1/2-1/2"]
[WhiteElo "1933"]
[BlackElo "1740"]
[PlyCount "34"]
[EventDate "2024.08.17"]
[EventType "swiss"]
[EventRounds "9"]
[EventCountry "RUS"]
[SourceTitle "EXT 2025"]
[Source "ChessBase"]
[SourceDate "2024.10.14"]
[SourceVersion "1"]
[SourceVersionDate "2024.10.14"]
[SourceQuality "1"]

1. e4 c5 2. Nf3 d6 3. d4 cxd4 4. Nxd4 Nf6 5. Nc3 a6 6. f3 e5 7. Nb3 Be6 8. Be3 Be7 9. Qd2 h5 10. 0-0-0 Nbd7 11. f4 b5 12. Bd3 Rc8 13. h3 Qc7 14. Kb1 h4 15. Qf2 Qc6 16. Na5 Qc7 17. Nb3 Qc6 1/2-1/2